000 00429pab a2200169 454500
008 180718b2014 xxu||||| |||| 00| 0 eng d
100 _aSood, Vikram
245 _aIndia-Pakistan relations: is there a happy future?
260 _c2014
300 _ap.45-48.
362 _aDec
650 _aIndia - Foreign relations - Pakistan
650 _aInternational relations
773 _aSeminar
908 _aN
909 _a106285
999 _c106280
_d106280